Microeconomic Analysis / Markets and Dynamics (Record no. 2817)
[ view plain ]
| 000 -LEADER | |
|---|---|
| fixed length control field | 01116cam a22001934a 4500 |
| 005 - ΗΜΕΡΟΜΗΝΙΑ ΚΑΙ ΩΡΑ ΤΕΛΕΥΤΑΙΑΣ ΕΝΗΜΕΡΩΣΗΣ | |
| Πεδίο ελέγχου | 20250605164054.0 |
| 008 - FIXED-LENGTH DATA ELEMENTS--GENERAL INFORMATION | |
| Πεδίο ελέγχου σταθερού μήκους | 250528s ||||||||||||||||||||||||d |
| 035 ## - SYSTEM CONTROL NUMBER | |
| System control number | 17394 |
| 020 ## - ISBN | |
| ISBN | 256070121 |
| 040 ## - ΠΗΓΗ ΚΑΤΑΛΟΓΟΓΡΑΦΗΣΗΣ | |
| Φορέας πρωτότυπης καταλογογράφησης | MC Athens Campus Library |
| Γλώσσα καταλογογράφησης | Ελληνικά, Μοντέρνα (1453-) |
| Modifying agency | MC Athens Campus Library |
| Κανόνες περιγραφικής καταλογογράφησης | AACR2 |
| 245 1# - ΤΙΤΛΟΣ ΚΑΙ ΔΗΛΩΣΗ ΥΠΕΥΘΥΝΟΤΗΤΑΣ | |
| Τίτλος | Microeconomic Analysis / Markets and Dynamics |
| 260 ## - PUBLICATION, DISTRIBUTION, ETC. | |
| Name of publisher, distributor, etc. | Irwin Mcgraw-Hill, |
| Date of publication, distribution, etc. | 1992 |
| 300 ## - PHYSICAL DESCRIPTION | |
| Extent | 858 |
| 520 ## - SUMMARY, ETC. | |
| Summary, etc. | Introduction and Review, Thinking Like a Microeconomist, Scarcity and Competition, Consumer Analysis and Applications, Consumer Preferences, Budget Set and Choice, Comparative Statics Calculations, Choices Involving the Future, Uncertainty and Choice under Risk, Production and Cost and Supply, Modelling Production, Production Efficiency, Competitive Market-Level Analysis, Perfect Competition at the Market Level, Input Factor Markets, Competition as a Process, The Markets for a Commodity, Reasonably Competitive Markets, Dynamics and Efficiency, Monopolized Markets, Simple Monopoly, Price Discrimination, Product Theory, Product Quality. |
| 700 1# - ΠΡΟΣΘΕΤΗ ΑΝΑΓΡΑΦΗ--ΦΥΣΙΚΟ ΠΡΟΣΩΠΟ | |
| Personal name | Denzau T. Arthur |
| 9 (RLIN) | 3550 |
| 942 ## - ADDED ENTRY ELEMENTS (KOHA) | |
| Koha item type | Books |
| Τύπος τεκμηρίου | Βιβλιοθήκη | Τρέχουσα τοποθεσία | Barcode | Αριθμός εισαγωγής | Ημερομηνία απόκτησης | Ταξιθετικό σύμβολο | Αριθμός αντιτύπου | Κατάσταση απόσυρσης | Κατάσταση χαμένου | Κατάσταση κατεστραμμένου | Μη δανεισμός | Σύνολο δανεισμών | Ημερομηνία τελευταίας εμφάνισης | Η τιμή ισχύει από |
|---|---|---|---|---|---|---|---|---|---|---|---|---|---|---|
| Books | MC Athens Campus Library | MC Athens Campus Library | 9780000028167 | 1086 | 05/06/2025 | 338.5 DEN | 1 | 05/06/2025 | 05/06/2025 |